000 00972nam a22002177a 4500
005 20250829192145.0
008 240816b ||||| |||| 00| 0 eng d
082 _aDPer 155.205 J826 July-September 2020 v. 119 n. 1-3
100 _aAntherton, Olivia E.
_eauthor.
_958026
245 _aThe development of effortful control from late childhood to young adulthood /
_cOlivia E. Antherton, Katherine M. Lawson, and Richard W. Robins.
260 _aWashington ;
_bAmerican Psychological Association ,
_cAugust 2020.
300 _aVolume 119, pages 417-456 :
_billustration ;
_c27 cm.
500 _aJournal of Personality and Social Psychology , vol. 119, no. 2, pages 417-456, August 2020.
650 _aPsychology.
_960839
650 _aPersonality.
_960840
650 _aIndividuality.
_919964
700 _aAntherton, Olivia E.
_eauthor.
_958026
700 _aLawson, Katherine M.
_eauthor.
_958027
700 _aRobins, Richard W.
_eauthor.
_958028
942 _2ddc
_cPER
999 _c20540
_d20540